| 000 | 00970cam a2200301 4500 | ||
|---|---|---|---|
| 008 | 090401t1993 xxu||||| |||| 00| 0 eng d | ||
| 020 | _a0854065881 | ||
| 035 | _a(Sirsi) u58038 | ||
| 041 | _aeng | ||
| 050 | _a333.0072 | ||
| 090 | _aRICS 1993/15ABCD | ||
| 110 |
_aRoyal Institution of Chartered Surveyors _94900 |
||
| 245 | 3 | _aAn agenda for property research: the research priorities of the General Practice/Planning and Development Divisions Research Sub-Committee. | |
| 260 |
_aLondon _bRICS _c1993 |
||
| 300 | _a15p. ; 30cm. | ||
| 350 | _a4.95 | ||
| 650 | _aEUROPE | ||
| 650 | _aGENERAL PRACTICE | ||
| 650 | _aGENERAL PRACTICE/PLANNING AND DEVELOPMENT DIVISIONS RESEARCH SUB-COMMI | ||
| 650 |
_aPLANNING AND DEVELOPMENT _96259 |
||
| 650 | _aPROPERTY INVESTMENT | ||
| 650 | _aPROPERTY RESEARCH | ||
| 650 |
_aValuation _96273 |
||
| 690 | _aPROPERTY LAW AND PRACTICE | ||
| 700 |
_aMacGregor, Bryan _xChairman |
||
| 942 | _n0 | ||
| 948 | _c04/03/1997 | ||
| 999 |
_c94014 _d94014 |
||